000 01120cam a2200313 a 4500
003 CHAP
005 20220329142504.0
008 010614d2000 mx r 000 spa d
010 _a84202
011 _a85174
035 _a95705
040 _cCHAP
100 0 0 _aSantana Estrada, Ma. Guadalupe.
_9102292
245 0 0 _aSusceptibilidad de BHC y malatión contra el Sitophilus zeamais Motschulsky
_c/por Ma. Guadalupe Santana Estrada
260 _aCocula, Gro. :
_bEl autor,
_c2000.
300 _a66 h. :
_bilus. ; gráfs.
500 _aTesis (Ing. Agr. Fitotecnista) -- Colegio Superior Agropecuario del Estado de Guerrero
590 _aBATCH-UPD
_b10
_c20130110
_lUCH01
_h1339
590 _aBATCH-UPD
_b10
_c20130410
_lUCH01
_h0841
590 _aBATCH-UPD
_b10
_c20130914
_lUCH01
_h1645
590 _aCONVERSION
_b10
_c20130109
_lUCH01
_h1347
650 1 4 _aInsecticidas
_xEfecto en plagas.
_958870
650 1 4 _aMaíz
_xAlmacenamiento
_xPlagas.
_970854
650 1 4 _aSitophilus zeamais.
_9106790
901 _aBK
905 _aLilia Sánchez G.
942 _cTESIS
949 _aTesis
_bBC
_cTES
_d957051
_eTS1
_h38240
_i95705
_sb
999 _c84202
_d84202